Statistics for 5-Letter Geography Chain #2

Click here to take the quiz!

General Stats

  • This quiz has been taken 39,753 times
  • The average score is 17 of 28

Answer Stats

Hint Answer % Correct
Place to see pyramidsEgypt
99%
NYC nickname: The Big ____Apple
98%
Portugal's neighborSpain
98%
Himalayan countryNepal
96%
The Lone Star stateTexas
92%
Language that goes from alpha
to omega
Greek
90%
Language of the NetherlandsDutch
89%
City with the world's tallest buildingDubai
87%
Capital of VietnamHanoi
80%
Indigenous group of the ArcticInuit
72%
Former country once led by a LamaTibet
72%
Soviet prison campGulag
68%
2014 Winter Olympics siteSochi
61%
Person from the Eternal CityRoman
57%
Capital of MoroccoRabat
56%
Citizen of Basra or FallujahIraqi
55%
Revealing Brazilian swimwearThong
53%
Bedouin or Mongolian, traditionallyNomad
53%
Major city in YorkshireLeeds
50%
Traditional boat of Alaska nativesKayak
48%
Language of southern India and Sri LankaTamil
46%
Term for a small islandIslet
44%
Language of CambodiaKhmer
43%
Capital of NigeriaAbuja
38%
Forest biome that spans Canada and RussiaTaiga
30%
Third biggest city in Turkey; formerly
called Smyrna
Izmir
28%
Center-right political party in IsraelLikud
21%
1/100th of a rubleKopek
20%

Score Distribution

Percentile by Number Answered

Percent of People with Each Score

Your Score History

You have not taken this quiz